000 00611nam a2200181Ia 4500
008 090124s9999 xx 000 0 und d
082 _b19856
_a2327
100 _aकोल्हटकर श्रीपद कृष्ण
245 _a सहचारिणी नाटक
250 _a1
260 _c1918
300 _a137
600 _aकोल्हटकर श्रीपद कृष्ण
630 _a सहचारिणी नाटक
700 _aकोल्हटकर श्रीपद कृष्ण
730 _a सहचारिणी नाटक
942 _cBOOK
999 _c133675
_d133675